000 00238nam a2200097Ia 4500
008 190216s9999||||xx |||||||||||||| ||und||
100 _aArthor T Moshan
245 0 _aKarshikabivridhi Kaivarikkan
260 _bKerala Basha Inst
942 _cBK
999 _c37877
_d37877